000 01137nam a22002417a 4500
003 OSt
005 20250924163624.0
008 240314b ||||| |||| 00| 0 eng d
040 _c0
082 _aDPer 621.381 In821 August 2022 v. 37 n. 8
100 _aBhattacharjee, Soumava.
_eauthor.
_954629
245 _aReal-time SIL validation of a novel PMSM control based on deep deterministic policy gradient scheme for electrified vehicles /
_cSoumava Bhattacharjee, Sukanta Halder, Ye Yan, Aiswarya Balamurali, Lakshmi Varaha Iyer, and Narayan C. Kar.
260 _aNew York ;
_bThe Institute of Electrical and Electronics Engineers, Inc. ,
_cAugust 2022.
300 _avolume 37, pages 9000-9011 :
_billustration ;
_c28 cm.
500 _aIEEE Transitions on Power Electronics, v. 37 n. 8, pages 9000-9011, August 2022.
700 _aBhattacharjee, Soumava.
_eauthor.
_954629
700 _aHalder, Sukanta.
_eauthor.
_954630
700 _aYan, Ye.
_eauthor.
_954631
700 _aBalamurali, Aiswarya.
_eauthor.
_954632
700 _aIyer, Lakshmi Varaha.
_eauthor.
_954633
700 _aKar, Narayan C.
_eauthor.
_954634
942 _2ddc
_cPER
999 _c19671
_d19671